000 01206aab a2200193 i 4500
001 768714001
003 CO-MdFUSB
005 20240320115554.0
008 240318t1992 ag ||||| |||| 00| 0 spa d
040 _bspa
_cCO-MdFUSB
041 _aspa
110 _aCongreso Latinoamericano de Evangelización,
245 1 0 _aDeclaración de Quito
_c: Congreso Latinoamericano de Evangelización,
300 _aVolumen 11, número 4 (octubre -diciembre, 1992), páginas: 18 - 21
_c: 27 cm
520 _aDel 24 de agosto al 4 de septiembre de 1992 se realizó en Quito Ecuador el III Congreso latinoamericano de evangelización, convocado por la Fraternidad Teológica Latinoamericana. Con una asistencia de 1008 personas de 26 pases, CLADE III se constituyó en un encuentro de gran trascendencia para la vida y la misión de la iglesia en un momento de profunda crisis para los países latinoamericanos. Este artículo es el documento oficial del Congreso que fue aprobado unánimemente por los presentes.
653 _aCongreso Latinoamericano de Evangelización
773 0 _tIglesia y Misión
_049402
_959656
_gVolumen 11, número 4 (octubre -diciembre, 1992), páginas: 18 - 21
_qpáginas: 18
942 _cANA
999 _c51979
_d51979